| 000 | 01538nam a2200265 a 4500 | ||
|---|---|---|---|
| 001 | 000004637 | ||
| 005 | 20251017115024.0 | ||
| 008 | 090724s2008 dr ad f 001 0 spa d | ||
| 020 | _a9789945162349 | ||
| 040 |
_aDO-SdBNP _bspa _cBNPHU |
||
| 082 |
_a616.8914 _bQ7m |
||
| 100 | 1 |
_aQuinto Barrera, See King Emilio _913515 |
|
| 245 | 1 | 3 |
_aEl modelo cognitivo conductual : _bmanual de psicoterapia / _cSee King Emilio Quinto Barrera ; prefacio Judith Beck ; prólogo Carlos Berganza ; colaboradora Claudia Escobedo. |
| 260 |
_aSanto Domingo : _bBúho, _c2008. |
||
| 300 |
_a112 p. : _bil., tablas ; _c23 cm. |
||
| 504 | _aBibliografía : p. 110-112 | ||
| 505 | 0 |
_gA modo de presentación / _rCésar Mella Mejías -- _gPrefacio / _rJudith Beck -- _gProemio / _rMauricio Sánchez -- _gPrólogo / _rCarlos Berganza -- _tIntroducción -- _tEl modelo congnitivo -- _tEstructura de la sesión y pensamientos automáticos -- _tTabla de pensamientos disfuncionales -- _tDiagrama de conceptualización cognitiva -- _tAspectos de la vulnerabilidad: Sociotropía versus autonomía -- _tEl modelo cognitivo en el tratamiento de la depresión -- _tEl modelo cognitivo en el tratamiento de laansiedad y el pánico -- _tEl modelo cognitivo en la desdesperanza y el suicidio. |
|
| 590 | _aInventariado, 2018/LP | ||
| 650 | 0 |
_aPsicoterapia _9465 |
|
| 650 | 4 |
_aTerapia conductual _913516 |
|
| 700 | 1 |
_aBerganza, Carlos, _epról. _913517 |
|
| 700 | 1 |
_aBeck, Judith, _epref. _913518 |
|
| 700 | 1 |
_aEscobedo, Claudia, _ecol. _913519 |
|
| 910 | _aValidado. Control de calidad EMS | ||
| 999 |
_c4444 _d4444 |
||